| 000 | 01705 a2200301 4500 | ||
|---|---|---|---|
| 003 | OSt | ||
| 005 | 20180116192348.0 | ||
| 008 | 120531t xxu||||| |||| 00| 0 eng d | ||
| 010 | _a 2008037336 | ||
| 020 | _a9780300138887 (cloth : alk. paper) | ||
| 020 | _a0300138881 (cloth : alk. paper) | ||
| 035 | _a(OCoLC)ocn244628024 | ||
| 040 | _c0 | ||
| 082 | 0 | 0 | _a724.6 |
| 100 | 1 |
_aMumford, Eric Paul, _92982 |
|
| 245 | 1 | 0 |
_aDefining urban design : _bCIAM architects and the formation of a discipline, 1937-69 / _cEric Mumford. |
| 260 |
_a[New Haven : _bYale University Press], _cc2009. |
||
| 300 |
_aix, 262 p. : _bill. (some col.), map ; _c27 cm. |
||
| 500 | _aPublisher from jacket. | ||
| 505 | 0 | _aThe prewar CIAM vision of the functional city -- CIAM and American urbanism, 1937-48 -- Toward urban design, 1947-54 -- Urban design at Harvard, 1953-60 -- Continuity and crisis: the Harvard urban design program in transformation, 1960-69. | |
| 520 | _aThe members of the International Congress of Modern Architecture (CIAM), such as Josep Lluis Sert, Le Corbusier, Walter Gropius, and their American associates, developed the discipline now called "urban design," which has had a significant influence on both university departments and building projects around the world. | ||
| 650 | 1 | 0 |
_aArchitecture _zUnited States _xHistory _y20th century. _92983 |
| 650 | 1 | 0 |
_aCity planning _zUnited States _xHistory _y20th century. _92984 |
| 856 | 4 | 1 |
_3Table of contents only _uhttp://www.loc.gov/catdir/toc/ecip0826/2008037336.html |
| 942 |
_aSADA _cBK _k724.6 MUM 2009 _2ddc |
||
| 999 |
_c352831 _d352831 |
||